000 00640cab a2200217 4500
001 X1432
008 090401t1994 xxu||||| |||| 00| 0 eng d
035 _a(Sirsi) u17068
041 _aeng
245 _aRICS Conferences to run seminars on the Condam regulations in practice
260 _c1994
350 _a0
490 _aCSM (Chartered Surveyor Monthly)
_v3(7) April 1994, 17(1)
650 _aCONDAM
650 _aPLANNING AND MANAGEMENT OF CONSTRUCTION PROCESS
650 _aRICS CONFERENCES
650 _aSKILLS PANELS
690 _aMANAGEMENT-BUSINESS MANAGEMENT-PROFESSIONAL PRACTICE
942 _n0
948 _c04/03/1997
999 _c11311
_d11311